El caballero de las botas azules.

Spremljeno u:
Bibliografski detalji
Glavni autor: Castro, Rosalía de (autora)
Daljnji autori: Rodríguez-Fisher, Ana (Urednik)
Format: Knjiga
Izdano: Madrid, España: Ediciones Cátedra, 2000.
Izdanje:Segunda edición.
Serija:Letras Hispánicas
Teme:
Oznake: Dodaj oznaku
Bez oznaka, Budi prvi tko označuje ovaj zapis!

MARC

LEADER 00000nam a22000007a 4500
003 CL-VaPUC
005 20241121124552.0
008 241113t2000 ||||| |||| 00| 0 eng d
999 |c 445668  |d 445666 
020 |a 84-376-1366-3 
040 |c Pontificia Universidad Católica de Valparaíso 
082 |a 863 CAS 2000 
100 |9 321608  |a Castro, Rosalía de  |e autora 
245 |a El caballero de las botas azules. 
250 |a Segunda edición. 
260 |a Madrid, España:  |b Ediciones Cátedra,  |c 2000. 
300 |a 351 páginas. 
440 |9 861437  |a Letras Hispánicas   |n 399 
500 |a Donación Biblioteca Mayor de Filosofía y Educación. 5 de noviembre de 2024. 
583 |c 20241113  |k Gabriela Rodríguez Cuevas 
650 0 |9 265052  |a Novelas españolas  |x Fantasía  |x Sátira   |y Siglo 19 
650 0 |9 306261  |a Literatura española  |y Siglo 19 
700 |9 893719  |a Rodríguez-Fisher, Ana  |e editor 
942 |2 ddc  |c BK 
952 |0 0  |1 0  |2 ddc  |4 0  |6 863_000000000000000_CAS_2000  |7 0  |9 597980  |a BIBEDU  |b BIBEDU  |d 2024-11-13  |e Donación  |i 5663204  |o 863 CAS 2000  |p 5663204  |r 2024-11-13  |t 1  |w 2024-11-13  |y BK  |k EDU